[Event "BUL-ch"]
[Site "Shumen"]
[Date "1997.??.??"]
[Round "2"]
[White "Andonov, Bogomil"]
[Black "Bratanov, Vasil"]
[Result "1-0"]
[WhiteElo "2405"]
[BlackElo "2195"]
[PlyCount "47"]
[EventDate "1997.??.??"]
[EventType "swiss"]
[EventRounds "8"]
[EventCountry "BUL"]
[SourceTitle "EXT 1998"]
[Source "ChessBase"]
[SourceDate "1997.11.17"]
[SourceVersion "1"]
[SourceVersionDate "1997.11.17"]
[SourceQuality "1"]

1. Nf3 g6 2. e4 Bg7 3. d4 d6 4. h3 c5 5. g3 Nf6 6. dxc5 dxc5 7. Qxd8+ Kxd8 8. Bd3 b6 9. e5 Nd5 10. Be4 Be6 11. 0-0 Nd7 12. Rd1 Nc7 13. Ng5 Bxe5 14. Nxe6+ fxe6 15. Bc6 Bd6 16. Bxa8 Nxa8 17. Na3 a6 18. Nc4 Kc7 19. a4 Kc6 20. Bh6 Nc7 21. Rd2 Ra8 22. Rad1 Ne8 23. Bg5 Ra7 24. Bxe7 1-0

[Event "BUL-ch"]
[Site "Shumen"]
[Date "1997.??.??"]
[Round "4"]
[White "Rusev, Rosen"]
[Black "Bratanov, Vasil"]
[Result "0-1"]
[WhiteElo "2175"]
[BlackElo "2195"]
[PlyCount "104"]
[EventDate "1997.??.??"]
[EventType "swiss"]
[EventRounds "8"]
[EventCountry "BUL"]
[SourceTitle "EXT 1998"]
[Source "ChessBase"]
[SourceDate "1997.11.17"]
[SourceVersion "1"]
[SourceVersionDate "1997.11.17"]
[SourceQuality "1"]

1. d4 Nf6 2. c4 g6 3. Nc3 Bg7 4. e4 d6 5. Nf3 0-0 6. Be2 e5 7. 0-0 Nc6 8. d5 Ne7 9. Ne1 Ne8 10. Nd3 f5 11. Bd2 c5 12. f3 Bd7 13. a3 a5 14. Qb3 Nf6 15. Rab1 Nc8 16. Qc2 Nb6 17. b3 f4 18. g4 h5 19. h3 hxg4 20. hxg4 Nh7 21. Kg2 Bf6 22. Rh1 Bh4 23. Nb5 Bxb5 24. cxb5 Bg3 25. Be1 Bxe1 26. Rbxe1 Ng5 27. Nf2 a4 28. Ra1 Kg7 29. bxa4 Rxa4 30. Qc3 Qa8 31. Bd1 Qa5 32. Qb3 Ra8 33. Bc2 Rxa3 34. Rxa3 Qxa3 35. Qxa3 Rxa3 36. Bd3 c4 37. Be2 Re3 38. Re1 Nxf3 39. Rc1 Nd2 40. Bf1 Nxe4 41. Bxc4 Rg3+ 42. Kf1 Rf3 43. Bd3 Rxf2+ 44. Kg1 Nc5 45. Rxc5 dxc5 46. Kxf2 Nc8 47. g5 b6 48. Kf3 Nd6 49. Be2 Kf7 50. Bf1 c4 51. Be2 c3 52. Bd3 e4+ 0-1